000 00802nam a22002655i 4500
001 53395
003 ES-MaACL
005 20250812014146.0
007 t|
008 031022s2002 sp ||||0| spa j
020 _a84-88730-59-4
040 _aM-BN
_bspa
_cM-BN
080 _a792.028.3
100 1 _aBrook, Peter.
_931906
245 1 3 _aLa puerta abierta
_b: reflexiones sobre la interpretación y el teatro /
_cPeter Brook ; [traducido del inglés por Gemma Moral Bartolomé].
250 _a5ª ed.
260 _aBarcelona :
_bAlba Editorial,
_c2002.
300 _a143 p ;
_c21 cm.
500 _aEn el lomo: 6.
650 1 7 _aArte dramático
_2embne
_910180
700 1 _aMoral, Gemma.
_982934
852 _aES-MaACL
_jL-26548
_bR.131468
999 _c53395
_d53395